| 000 | 00893cam a22002651i 4500 | ||
|---|---|---|---|
| 001 | c 67001380 | ||
| 003 | DLC | ||
| 005 | 20260227111036.0 | ||
| 008 | 030731s1961 cc a 000 0 chi | ||
| 010 | _ac 67001380 | ||
| 035 | _a(CStRLIN)DCLP03-B10874 | ||
| 040 |
_aDLC-R _cDLC-R _dDLC-R _dDLC |
||
| 050 | 0 | 0 |
_aQC32 _b.H77 |
| 066 | _c$1 | ||
| 100 | 1 |
_6880-01 _aXin, Peizhi. |
|
| 245 | 1 | 0 |
_6880-02 _aZen yang jie da wu li xi ti / _cXin Peizhi, Li Jingchun bian zhu. |
| 260 |
_6880-03 _aShanghai : _bShanghai jiao yu chu ban she, _c1961. |
||
| 300 |
_a2, 247 p. : _billus. ; _c21 cm. |
||
| 650 | 0 |
_aPhysics _vProblems, exercises, etc. |
|
| 700 | 1 |
_6880-04 _aLi, Jingchun. |
|
| 880 | 1 |
_6100-01/$1 _a辛培之. |
|
| 880 | 1 | 0 |
_6245-02/$1 _a怎样解答物理习题 / _c辛培之, 李景春编著. |
| 880 |
_6260-03/$1 _a上海 : _b上海教育出版社, _c1961. |
||
| 880 | 1 |
_6700-04/$1 _a李景春. |
|
| 999 |
_c12935 _d12935 |
||